[Event "Tata Steel India Blitz"]
[Site "Kolkata IND"]
[Date "2018.11.14"]
[Round "10.1"]
[White "Vidit, Santosh Gujrathi"]
[Black "Aronian, Levon"]
[Result "0-1"]
[WhiteTitle "GM"]
[BlackTitle "GM"]
[WhiteElo "2702"]
[BlackElo "2765"]
[WhiteFideId "5029465"]
[BlackFideId "13300474"]
[EventDate "2018.11.13"]

1. d4 Nf6 2. Nf3 e6 3. c4 a6 4. Nc3 d5 5. cxd5 exd5 6. Bg5 Be6 7. e3 Nbd7 8. Bd3
c6 9. O-O Bd6 10. Bf4 Qb8 11. Bxd6 Qxd6 12. Rc1 Bg4 13. h3 Bh5 14. Be2 O-O 15.
Ne1 Bg6 16. Bd3 Rfe8 17. Bxg6 hxg6 18. Nd3 Ne4 19. Nxe4 Rxe4 20. Qb3 Rb8 21. Rc3
g5 22. Rfc1 Qh6 23. Nc5 Nxc5 24. Rxc5 Qd6 25. Re1 f5 26. f3 Rh4 27. Qc2 Rf8 28.
Qf2 Rh6 29. Rc3 Re8 30. Rc2 g4 31. hxg4 Qh2+ 32. Kf1 fxg4 33. f4 g3 34. Qf3 Rhe6
35. Rc3 g5 36. Ke2 gxf4 37. Qg4+ Kf7 38. Kd1 Qxg2 39. Qxf4+ Rf6 40. Qg4 Qf3+ 41.
Qxf3 Rxf3 42. Kd2 Kg6 43. Rb3 Re7 44. Rh1 Kg5 45. Rh8 Rg7 46. Rc3 g2 0-1

[Event "Tata Steel India Blitz"]
[Site "Kolkata IND"]
[Date "2018.11.14"]
[Round "10.5"]
[White "Praggnanandhaa, R"]
[Black "Harikrishna, Pentala"]
[Result "1/2-1/2"]
[WhiteTitle "GM"]
[BlackTitle "GM"]
[WhiteElo "2530"]
[BlackElo "2729"]
[WhiteFideId "25059530"]
[BlackFideId "5007003"]
[EventDate "2018.11.13"]

1. e4 e5 2. Nf3 Nc6 3. Bc4 Bc5 4. O-O Nf6 5. d3 O-O 6. h3 d6 7. c3 h6 8. Bb3 a6
9. Re1 Re8 10. Nbd2 Be6 11. Bc2 d5 12. exd5 Bxd5 13. b4 Ba7 14. Bb2 Qd7 15. a4
b5 16. axb5 axb5 17. c4 Bxf3 18. Nxf3 Nxb4 19. Nxe5 Qf5 20. Re2 bxc4 21. dxc4
Nxc2 22. Qxc2 Qxc2 23. Rxc2 Bc5 24. Rxa8 Rxa8 25. Nd3 Be7 26. Re2 Kf8 27. g3 Ra4
28. Bxf6 Bxf6 29. Re4 g6 30. Nc5 Ra1+ 31. Kg2 1/2-1/2

[Event "Tata Steel India Blitz"]
[Site "Kolkata IND"]
[Date "2018.11.14"]
[Round "11.1"]
[White "So, Wesley"]
[Black "Vidit, Santosh Gujrathi"]
[Result "1/2-1/2"]
[WhiteTitle "GM"]
[BlackTitle "GM"]
[WhiteElo "2765"]
[BlackElo "2702"]
[WhiteFideId "5202213"]
[BlackFideId "5029465"]
[EventDate "2018.11.13"]

1. c4 c5 2. Nf3 Nf6 3. Nc3 Nc6 4. g3 d5 5. d4 cxd4 6. Nxd4 dxc4 7. Nxc6 Qxd1+ 8.
Nxd1 bxc6 9. Bg2 Nd5 10. Ne3 e6 11. Nxc4 Ba6 12. Na5 Rc8 13. Bd2 Be7 14. Rc1 c5
15. b3 O-O 16. O-O Bf6 17. Rfe1 Rfd8 18. Bf3 g5 19. e4 Nb4 20. Bxb4 cxb4 21. Nc6
Bc3 22. Ne7+ Kf8 23. Nxc8 Bxe1 24. Nxa7 Bc3 25. a4 Rd2 26. Nc6 Rb2 27. Nb8 Bb7
28. Rd1 g4 29. Bg2 e5 30. Nd7+ Ke7 31. Nc5 Bc6 32. a5 Bd4 33. Nd3 Rxb3 34. a6
Bb5 35. a7 Bxa7 36. Nxe5 h5 37. Bf1 Be8 38. Bc4 Rc3 39. Bxf7 Bxf7 40. Rd7+ Ke6
41. Rxa7 Be8 42. Rb7 b3 43. Nc4 Rxc4 44. Rxb3 Rxe4 45. f3 Re2 46. fxg4 hxg4 47.
Rb4 Kf5 48. h3 gxh3 49. Rh4 Bc6 50. Rxh3 Kg4 51. Rh6 Be4 52. Kf1 Rc2 53. Rf6 Rb2
54. Rf4+ Kxg3 55. Rxe4 Kf3 56. Re7 1/2-1/2

[Event "Tata Steel India Blitz"]
[Site "Kolkata IND"]
[Date "2018.11.14"]
[Round "11.2"]
[White "Aronian, Levon"]
[Black "Praggnanandhaa, R"]
[Result "1-0"]
[WhiteTitle "GM"]
[BlackTitle "GM"]
[WhiteElo "2765"]
[BlackElo "2530"]
[WhiteFideId "13300474"]
[BlackFideId "25059530"]
[EventDate "2018.11.13"]

1. e4 c6 2. d4 d5 3. exd5 cxd5 4. c3 Nc6 5. Bd3 Qc7 6. h3 Nf6 7. Nf3 g6 8. Qc2
Bg7 9. O-O O-O 10. Re1 Nh5 11. Be3 Re8 12. Nbd2 Nf4 13. Bf1 Bf5 14. Qb3 h5 15.
Bxf4 Qxf4 16. Qxd5 e5 17. g3 Qh6 18. h4 Be6 19. Qc5 exd4 20. Ng5 dxc3 21. bxc3
Rad8 22. Nde4 Be5 23. Nxe6 Rxe6 24. Ng5 Re7 25. Rad1 Rxd1 26. Rxd1 Qg7 27. Bc4
Qf6 28. Nxf7 Kg7 29. Ng5 Bxc3 30. Qd5 Bd4 31. Qg8+ Kh6 32. Nf7+ Rxf7 33. Qxf7
Bxf2+ 34. Kg2 Qxf7 35. Bxf7 Bc5 36. Bd5 Ne5 37. Bxb7 Bb6 38. Be4 Kg7 39. Rd6 Kf7
40. Bd5+ Kg7 41. Re6 Ng4 42. Be4 Nf6 43. Bc2 Kf7 44. Bb3 Kg7 45. Re7+ Kh6 46.
Kf3 g5 47. Bc2 g4+ 48. Ke2 Bc5 49. Rf7 Bd4 50. Bf5 a5 51. Kd3 Be5 52. Kc4 Bb2
53. Kb5 Bc3 54. a4 1-0

[Event "Tata Steel India Blitz"]
[Site "Kolkata IND"]
[Date "2018.11.14"]
[Round "11.4"]
[White "Karjakin, Sergey"]
[Black "Ganguly, Surya Shekhar"]
[Result "1/2-1/2"]
[WhiteTitle "GM"]
[BlackTitle "GM"]
[WhiteElo "2753"]
[BlackElo "2615"]
[WhiteFideId "14109603"]
[BlackFideId "5002150"]
[EventDate "2018.11.13"]

1. Nf3 d5 2. e3 Nf6 3. c4 e6 4. b3 b6 5. Bb2 Bb7 6. cxd5 exd5 7. Nc3 Nbd7 8. d4
Bd6 9. Bd3 O-O 10. O-O a6 11. Rc1 Qe7 12. Rc2 Ne4 13. Qc1 Rac8 14. Nb1 f5 15.
Ba3 c5 16. g3 Qf7 17. Nc3 Nxc3 18. Rxc3 cxd4 19. Bxd6 Rxc3 20. Qd2 Nc5 21. Bb1
Rc8 22. Qxd4 Ne4 23. Ba3 Qe6 24. Bb2 R3c7 25. a4 h6 26. h4 Nc3 27. Bd3 Ne4 28.
b4 Nc3 29. Ra1 b5 30. axb5 Nxb5 31. Qf4 d4 32. Bxf5 Qc6 33. e4 Rf8 34. Nxd4 Nxd4
35. Bxd4 Rcf7 36. g4 Qc4 37. Bc5 Rd8 38. Rc1 Qe2 39. Be6 Rd7 40. Be3 Re7 41. Bb3
Qb2 42. Bxf7+ Rxf7 43. Qd6 Rxf2 44. Qe6+ Kh7 45. Bxf2 Qxc1+ 46. Kg2 Qf4 47. Qf5+
Qxf5 48. gxf5 Bxe4+ 49. Kg3 Bxf5 50. Bd4 1/2-1/2

[Event "Tata Steel India Blitz"]
[Site "Kolkata IND"]
[Date "2018.11.14"]
[Round "12.1"]
[White "Praggnanandhaa, R"]
[Black "So, Wesley"]
[Result "0-1"]
[WhiteTitle "GM"]
[BlackTitle "GM"]
[WhiteElo "2530"]
[BlackElo "2765"]
[WhiteFideId "25059530"]
[BlackFideId "5202213"]
[EventDate "2018.11.13"]

1. e4 e5 2. Nf3 Nc6 3. Bc4 Bc5 4. O-O Nf6 5. d3 O-O 6. h3 d6 7. c3 h6 8. Bb3 a5
9. Re1 Be6 10. Ba4 Bd7 11. Nbd2 Ba7 12. Nf1 Ne7 13. Bc2 Ng6 14. d4 Re8 15. Ng3
b5 16. Be3 Bc6 17. Qd2 exd4 18. Bxd4 Ne5 19. Qe2 Qb8 20. Rad1 b4 21. Nxe5 dxe5
22. Bxa7 Rxa7 23. cxb4 axb4 24. Bb3 Ba4 25. Rc1 Bxb3 26. axb3 Qb6 27. Rc4 c5 28.
Nf5 Rea8 29. Qe3 Nd7 30. Rcc1 h5 31. Red1 g6 32. Rd6 Qb7 33. Qg5 Nf8 34. Ne7+
Qxe7 0-1

[Event "Tata Steel India Blitz"]
[Site "Kolkata IND"]
[Date "2018.11.14"]
[Round "12.3"]
[White "Anand, Viswanathan"]
[Black "Karjakin, Sergey"]
[Result "1/2-1/2"]
[WhiteTitle "GM"]
[BlackTitle "GM"]
[WhiteElo "2773"]
[BlackElo "2753"]
[WhiteFideId "5000017"]
[BlackFideId "14109603"]
[EventDate "2018.11.13"]

1. e4 c6 2. d4 d5 3. Nc3 dxe4 4. Nxe4 Bf5 5. Ng3 Bg6 6. h4 h6 7. Nf3 Nd7 8. h5
Bh7 9. Bd3 Bxd3 10. Qxd3 e6 11. Bd2 Ngf6 12. O-O-O a5 13. Nf1 a4 14. Ne3 Be7 15.
g4 Nd5 16. c4 Nxe3 17. Bxe3 Qa5 18. Qc2 O-O-O 19. Kb1 Kb8 20. Bf4+ Ka8 21. Rd3
Rc8 22. Rc1 Rhd8 23. c5 b5 24. cxb6 Nxb6 25. Ne5 Nd5 26. Bd2 Qb5 27. Qc4 Nb6 28.
Qc2 Kb7 29. Rc3 Bb4 30. Nxc6 Bxc3 31. Nxd8+ Rxd8 32. Qxc3 Nd5 33. Qc4 Qxc4 34.
Rxc4 Nb6 35. Rb4 Kc6 36. Kc2 f5 37. gxf5 exf5 38. Kd3 Re8 39. Be3 Rg8 40. d5+
Nxd5 41. Rxa4 Nf6 42. Ra6+ Kd5 43. Bxh6 Nxh5 44. Bg5 Rb8 45. b3 Rb4 46. Bd2 Rg4
47. a4 Nf6 48. b4 Ne4 49. f3 Rg3 50. Ra5+ Ke6 51. Ra6+ Kd5 52. Ra5+ Ke6 53. Ra6+ 1/2-1/2

[Event "Tata Steel India Blitz"]
[Site "Kolkata IND"]
[Date "2018.11.14"]
[Round "12.4"]
[White "Ganguly, Surya Shekhar"]
[Black "Harikrishna, Pentala"]
[Result "1-0"]
[WhiteTitle "GM"]
[BlackTitle "GM"]
[WhiteElo "2615"]
[BlackElo "2729"]
[WhiteFideId "5002150"]
[BlackFideId "5007003"]
[EventDate "2018.11.13"]

1. e4 e5 2. Nf3 Nc6 3. Bb5 Nf6 4. O-O Nxe4 5. Re1 Nd6 6. Nxe5 Be7 7. Bf1 Nxe5 8.
Rxe5 O-O 9. d4 Bf6 10. Bd3 Ne8 11. Nc3 d6 12. Re1 d5 13. Qh5 g6 14. Qxd5 Be6 15.
Qxb7 Bxd4 16. Qf3 Rb8 17. Ne4 Bd5 18. Bh6 Ng7 19. Qh3 Bxe4 20. Bxe4 Qf6 21. Qf3
Bxb2 22. Rab1 Qxf3 23. Bxf3 Bd4 24. g4 Rfe8 25. Rxb8 Rxb8 26. Bd5 Re8 27. Kf1
Rxe1+ 28. Kxe1 Ne6 29. Ke2 Be5 30. Bxe6 fxe6 31. h3 Kf7 32. Kd3 a6 33. Kc4 Ke7
34. Kb4 Kd7 35. Ka5 Kc6 36. Kxa6 Kc5 37. a4 Kb4 38. a5 Bd4 39. Bd2+ Ka3 40. Be3
c5 41. Kb5 Kb2 42. a6 1-0

[Event "Tata Steel India Blitz"]
[Site "Kolkata IND"]
[Date "2018.11.14"]
[Round "13.3"]
[White "Aronian, Levon"]
[Black "Harikrishna, Pentala"]
[Result "1-0"]
[WhiteTitle "GM"]
[BlackTitle "GM"]
[WhiteElo "2765"]
[BlackElo "2729"]
[WhiteFideId "13300474"]
[BlackFideId "5007003"]
[EventDate "2018.11.13"]

1. e4 e5 2. Nf3 Nc6 3. Bc4 Bc5 4. c3 Nf6 5. d4 exd4 6. e5 d5 7. Be2 d3 8. exf6
dxe2 9. Qxe2+ Be6 10. b4 Bd6 11. b5 Na5 12. fxg7 Rg8 13. Bg5 Be7 14. Bxe7 Qxe7
15. Nd4 Rxg7 16. g3 Bh3 17. Nd2 a6 18. a4 c5 19. bxc6 bxc6 20. Rb1 c5 21. Qxe7+
Kxe7 22. Ne2 Bf5 23. Rb2 Rgg8 24. Nf4 Kd6 25. O-O Rab8 26. Ra2 Kc6 27. Rd1 Rgd8
28. Nf3 f6 29. Nh4 Bc8 30. Rad2 d4 31. cxd4 Rxd4 32. Rxd4 cxd4 33. Nf3 Rb4 34.
Nxd4+ Kb7 35. Nd5 Rxa4 36. Nxf6 Nc4 37. h4 Nb2 38. Rb1 Rxd4 39. Rxb2+ Kc7 40.
Nxh7 a5 41. Ng5 a4 42. Ra2 Bb7 43. f4 Bd5 44. Ra3 Bb3 45. h5 Rd6 46. Ne4 Rc6 47.
Nd2 Rc3 48. Kf2 Rc2 49. Ke3 Rc3+ 50. Kf2 Rc2 51. Ke2 Rc3 52. Kf2 Rc2 53. Ke3
Rc3+ 54. Kd4 Rxg3 55. h6 Rh3 56. h7 Rxh7 57. Nxb3 axb3 58. Ra7+ 1-0

[Event "Tata Steel India Blitz"]
[Site "Kolkata IND"]
[Date "2018.11.14"]
[Round "13.5"]
[White "Karjakin, Sergey"]
[Black "Vidit, Santosh Gujrathi"]
[Result "0-1"]
[WhiteTitle "GM"]
[BlackTitle "GM"]
[WhiteElo "2753"]
[BlackElo "2702"]
[WhiteFideId "14109603"]
[BlackFideId "5029465"]
[EventDate "2018.11.13"]

1. b3 e5 2. Bb2 Nc6 3. e3 Nf6 4. Bb5 e4 5. Bxc6 dxc6 6. f3 Bd6 7. Nc3 Qe7 8.
fxe4 Nxe4 9. Nf3 Nxc3 10. Bxc3 O-O 11. O-O Bg4 12. Qe2 Rae8 13. Qc4 Qe4 14. Qxe4
Rxe4 15. Nd4 Rfe8 16. Rae1 Bd7 17. h3 c5 18. Nf5 Bxf5 19. Rxf5 g6 20. Rf3 f5 21.
d3 R4e6 22. Kf2 h5 23. g3 b5 24. e4 fxe4 25. Rxe4 Rxe4 26. dxe4 b4 27. Bb2 c4
28. Ke3 c3 29. Bc1 Be5 30. a4 Rd8 31. Ke2 a5 32. Be3 Kg7 33. Bg5 Rd4 34. Be3 Rd8
35. Bg5 Rd4 36. Rd3 Rxe4+ 37. Be3 Bd6 38. Kf3 Re7 39. g4 hxg4+ 40. hxg4 Kf7 41.
Bf2 Ke6 42. Re3+ Kd5 43. Rd3+ Kc6 44. Rd1 Rf7+ 45. Ke2 Rf4 46. g5 Rg4 47. Be3
Rg2+ 48. Kd3 Be7 49. Re1 Rg3 50. Kc4 Rg4+ 51. Kd3 Kd5 52. Ba7 Bxg5 53. Re8 Rg2
54. Be3 Bxe3 55. Kxe3 Rxc2 0-1

[Event "Tata Steel India Blitz"]
[Site "Kolkata IND"]
[Date "2018.11.14"]
[Round "14.2"]
[White "Praggnanandhaa, R"]
[Black "Karjakin, Sergey"]
[Result "0-1"]
[WhiteTitle "GM"]
[BlackTitle "GM"]
[WhiteElo "2530"]
[BlackElo "2753"]
[WhiteFideId "25059530"]
[BlackFideId "14109603"]
[EventDate "2018.11.13"]

1. Nf3 d5 2. g3 c6 3. Bg2 Bg4 4. O-O Nd7 5. h3 Bh5 6. d4 e6 7. c4 Ngf6 8. cxd5
exd5 9. Qb3 Qb6 10. Qe3+ Be7 11. Nh4 Bg6 12. Nc3 Qd8 13. b4 a6 14. a4 O-O 15.
Nxg6 hxg6 16. Rb1 Nb6 17. Qd3 a5 18. b5 Bb4 19. Na2 Bd6 20. Bg5 Qc7 21. Rfc1
Rad8 22. bxc6 bxc6 23. Qc3 Nc4 24. e4 Be7 25. Bxf6 Bxf6 26. e5 Be7 27. Bf1 c5
28. Rb5 Qa7 29. Rcb1 cxd4 30. Qe1 Qd7 31. Nc1 Bb4 32. Qe2 Na3 33. R1xb4 axb4 34.
Rxb4 Nc4 35. Nd3 Rb8 36. Qe1 Qe7 37. Rb5 Rxb5 38. axb5 Rb8 39. Qb1 Nd2 40. Qb2
Nxf1 41. Kxf1 Qb7 42. Kg2 Qxb5 43. Qa3 Re8 44. h4 Qc4 45. Kh2 Qc3 46. Qa6 Qd2
47. Kg1 Qd1+ 48. Kg2 Qe2 49. Qc6 Qe4+ 50. Kh2 Rb8 51. Nf4 Qxe5 52. Qd7 Qf5 53.
Qd6 Rb1 54. Nh3 f6 55. Qd8+ Kh7 56. Nf4 Qe4 57. Ng2 d3 0-1

[Event "Tata Steel India Blitz"]
[Site "Kolkata IND"]
[Date "2018.11.14"]
[Round "14.4"]
[White "Ganguly, Surya Shekhar"]
[Black "Aronian, Levon"]
[Result "1/2-1/2"]
[WhiteTitle "GM"]
[BlackTitle "GM"]
[WhiteElo "2615"]
[BlackElo "2765"]
[WhiteFideId "5002150"]
[BlackFideId "13300474"]
[EventDate "2018.11.13"]

1. Nf3 d5 2. g3 c6 3. Bg2 Bg4 4. O-O e6 5. h3 Bh5 6. d4 Bd6 7. c4 Nd7 8. Qb3 Qb6
9. Nc3 Qxb3 10. axb3 a6 11. e4 dxe4 12. Nxe4 Bc7 13. g4 Bg6 14. Nh4 Bxe4 15.
Bxe4 Ne7 16. Bd2 O-O 17. Bb4 Rfe8 18. Rfe1 Rad8 19. Rad1 Nf6 20. Bg2 h6 21. Bc3
Nh7 22. Bb4 Nf8 23. d5 cxd5 24. cxd5 Nxd5 25. Bxd5 exd5 26. Rxe8 Rxe8 27. Rxd5
Ne6 28. Nf5 Rd8 29. Rxd8+ Bxd8 30. Bc3 Bg5 31. Kg2 g6 32. Nd6 b5 33. Ne4 Kf8 34.
Nxg5 Nxg5 35. h4 Ne6 36. Kf3 f5 37. h5 Kf7 38. Bd2 Nd4+ 39. Kg3 fxg4 40. Kxg4
gxh5+ 41. Kxh5 Nxb3 42. Bxh6 a5 43. Kg4 a4 44. Bf4 Ke6 45. Bh6 Nc5 46. Kf3 Nd3
47. Bg7 b4 48. Ke3 Ne1 49. Kd4 a3 50. bxa3 bxa3 51. Kc3 1/2-1/2

[Event "Tata Steel India Blitz"]
[Site "Kolkata IND"]
[Date "2018.11.14"]
[Round "15.3"]
[White "So, Wesley"]
[Black "Aronian, Levon"]
[Result "1/2-1/2"]
[WhiteTitle "GM"]
[BlackTitle "GM"]
[WhiteElo "2765"]
[BlackElo "2765"]
[WhiteFideId "5202213"]
[BlackFideId "13300474"]
[EventDate "2018.11.13"]

1. c4 Nf6 2. Nc3 e5 3. Nf3 Nc6 4. e3 Bb4 5. Qc2 Bxc3 6. Qxc3 Qe7 7. d4 Ne4 8.
Qd3 exd4 9. Nxd4 O-O 10. Be2 Qb4+ 11. Kf1 Qe7 12. f3 Nc5 13. Qd2 d6 14. b4 Nxd4
15. exd4 Nd7 16. Bb2 d5 17. c5 Qh4 18. g3 Qh3+ 19. Kf2 c6 20. Qf4 Re8 21. Bf1
Qe6 22. Bd3 Nf8 23. Rhe1 Qd7 24. a4 a6 25. Rxe8 Qxe8 26. Re1 Qd8 27. Bc3 Be6 28.
h4 f6 29. g4 Bf7 30. h5 Ne6 31. Qg3 Qb8 32. Qxb8+ Rxb8 33. Kg3 Re8 34. f4 g6 35.
f5 gxf5 36. Bxf5 Kg7 37. Re3 Nd8 38. Rxe8 Bxe8 39. Bd2 Bf7 40. h6+ Kg8 41. g5
Be6 42. Bd3 fxg5 43. Bxg5 Nf7 44. Bf4 Bd7 45. Kh4 Nd8 46. Be3 Nf7 47. Bf4 Nd8
48. Bd2 Ne6 49. Be3 Kh8 50. Bc2 Kg8 51. Bb1 Kh8 52. Bf2 Kg8 53. Bc2 Kh8 54. Bg3
Kg8 55. Be5 Nf8 56. Bd6 Ne6 57. Be5 Nf8 58. Kg5 Kf7 59. Bd3 Ne6+ 60. Kh5 Kg8 61.
Bc2 Be8+ 62. Kh4 Bg6 63. Bd1 Kf7 64. Be2 Bc2 65. b5 axb5 66. axb5 cxb5 67. Bxb5
Nd8 68. Kg5 Ke6 69. Bg7 Nc6 70. Be2 Bf5 71. Bh5 Bh3 72. Bg6 hxg6 73. h7 Nd8 74.
h8=Q Nf7+ 75. Kxg6 1/2-1/2

[Event "Tata Steel India Blitz"]
[Site "Kolkata IND"]
[Date "2018.11.14"]
[Round "15.4"]
[White "Vidit, Santosh Gujrathi"]
[Black "Ganguly, Surya Shekhar"]
[Result "1/2-1/2"]
[WhiteTitle "GM"]
[BlackTitle "GM"]
[WhiteElo "2702"]
[BlackElo "2615"]
[WhiteFideId "5029465"]
[BlackFideId "5002150"]
[EventDate "2018.11.13"]

1. e4 e5 2. Nf3 Nc6 3. Bb5 Nf6 4. d3 Bc5 5. Bxc6 dxc6 6. Nc3 Be6 7. h3 h6 8. Be3
Bd6 9. d4 Nd7 10. Qd3 exd4 11. Bxd4 O-O 12. O-O Qe7 13. Rfe1 Rad8 14. Nd5 Qe8
15. c4 f6 16. Ne3 Qh5 17. Nf5 Nc5 18. Qc2 Rfe8 19. Nxd6 cxd6 20. Re3 Bf7 21.
Rae1 Ne6 22. Bc3 Nf4 23. Nd2 d5 24. exd5 Rxe3 25. fxe3 Bg6 26. Qd1 Nd3 27. Qxh5
Bxh5 28. Rf1 cxd5 29. cxd5 Rxd5 30. e4 Rd7 31. Nf3 b5 32. a3 a5 33. Rd1 a4 34.
Rd2 Bf7 35. Ne1 Nc5 36. Rxd7 Nxd7 37. Kf2 Bc4 38. Ke3 Kf7 39. Nf3 g5 40. g3 h5
41. h4 gxh4 42. Nxh4 Be6 43. Nf5 Kg6 44. Nd6 Kg5 45. Nxb5 Kg4 46. Nd4 Bc4 47.
Be1 Ne5 48. Nf5 Be6 49. Ne7 Nc4+ 50. Kd4 Nxb2 51. Nd5 Kg5 52. Ne3 Bb3 53. Bd2
Kg6 54. Bc1 Nd1 55. Nd5 Nf2 56. Nf4+ Kf7 57. Be3 Ng4 58. Nxh5 Ne5 59. Nf4 Nc4
60. Bc1 Nd6 61. Nd3 Ke7 62. Nc5 Bc2 63. Kd5 Nb5 64. Bb2 Nc7+ 65. Kc4 Ne6 66. Nd3
Ng5 67. e5 fxe5 68. Bxe5 Ke6 69. Bc3 Ne4 70. Be1 Kf5 71. Kd4 Nf6 72. Nc5 Kg4 73.
Kc3 Bd1 74. Kd2 Bf3 75. Nxa4 Ne4+ 76. Ke3 Nxg3 77. Bxg3 Kxg3 78. Nc5 Bd1 79.
Ne4+ Kh4 80. Kd2 Ba4 81. Kc3 Kg4 82. Kb4 Bc2 83. Nc5 Kf5 84. Nb3 Ke5 1/2-1/2

[Event "Tata Steel India Blitz"]
[Site "Kolkata IND"]
[Date "2018.11.14"]
[Round "15.5"]
[White "Anand, Viswanathan"]
[Black "Praggnanandhaa, R"]
[Result "1-0"]
[WhiteTitle "GM"]
[BlackTitle "GM"]
[WhiteElo "2773"]
[BlackElo "2530"]
[WhiteFideId "5000017"]
[BlackFideId "25059530"]
[EventDate "2018.11.13"]

1. e4 e5 2. Nf3 Nc6 3. Bb5 a6 4. Ba4 Nf6 5. O-O b5 6. Bb3 Bb7 7. d3 Be7 8. a4
O-O 9. Re1 d6 10. Nbd2 Na5 11. Ba2 c5 12. Nf1 b4 13. Bd2 Bc8 14. Ne3 Be6 15.
Bxe6 fxe6 16. c3 bxc3 17. bxc3 Rb8 18. Qc2 Qd7 19. Rab1 h6 20. Qa2 Kh8 21. h3
Nh5 22. Nc4 Nc6 23. Nb6 Qc7 24. a5 Rf6 25. Rb2 Rbf8 26. Be3 Bd8 27. Nh2 Rg6 28.
Kh1 Qf7 29. Qa4 Na7 30. Nd7 Rg8 31. Rb7 Nb5 32. c4 Nd4 33. Nxe5 Qxb7 34. Nxg6+
Kh7 35. Nf4 Nxf4 36. Bxf4 e5 37. Be3 Qb2 38. Qa1 Qxa1 39. Rxa1 Nc6 40. Bd2 Bc7
41. Rb1 Rb8 42. Rxb8 Nxb8 43. Kg1 Nc6 44. Kf1 Bxa5 45. Bxa5 Nxa5 46. Ke2 Nc6 47.
Nf3 Kg6 48. Nh4+ Kf6 49. Nf5 Nd4+ 50. Nxd4 cxd4 51. Kd2 Ke6 52. Kc2 Kd7 53. Kb3
Kc6 54. Kb4 Kb6 55. h4 Kc6 56. Ka5 Kb7 57. h5 Ka7 58. g3 Kb7 59. f4 Ka7 60. f5
Kb7 61. g4 Kc7 62. Kxa6 Kd7 63. Kb6 Ke7 64. Kc7 1-0

[Event "Tata Steel India Blitz"]
[Site "Kolkata IND"]
[Date "2018.11.14"]
[Round "16.1"]
[White "Harikrishna, Pentala"]
[Black "Karjakin, Sergey"]
[Result "0-1"]
[WhiteTitle "GM"]
[BlackTitle "GM"]
[WhiteElo "2729"]
[BlackElo "2753"]
[WhiteFideId "5007003"]
[BlackFideId "14109603"]
[EventDate "2018.11.13"]

1. e4 c6 2. Nc3 d5 3. Nf3 dxe4 4. Nxe4 Nf6 5. Qe2 Qd5 6. Nc3 Qh5 7. Qe5 Qxe5+ 8.
Nxe5 Bf5 9. Bc4 e6 10. d3 Nbd7 11. Nxd7 Nxd7 12. O-O Be7 13. a4 a5 14. Ne2 h5
15. Be3 h4 16. h3 O-O-O 17. Bd2 Bb4 18. Bxb4 axb4 19. a5 Kc7 20. Ra4 Ra8 21.
Rfa1 c5 22. Bb5 e5 23. c3 bxc3 24. Nxc3 Be6 25. Ne4 f5 26. Nc3 Nf6 27. Re1 Kd6
28. a6 bxa6 29. Bxa6 Bd7 30. Ra3 Rhb8 31. Bc4 Bc6 32. Rea1 Rxa3 33. bxa3 Nh5 34.
Rb1 Rxb1+ 35. Nxb1 Nf4 36. f3 Ba4 37. Nc3 Bc2 38. a4 Bxd3 39. Bxd3 Nxd3 40. Kf1
c4 41. Ke2 Nf4+ 42. Kf2 Kc5 43. g3 Nd3+ 44. Kg2 hxg3 45. Kxg3 Kb4 46. Nd5+ Kxa4
47. Kh4 Kb3 48. Kg5 f4 49. Kg6 c3 50. Nxc3 Kxc3 51. Kxg7 e4 0-1

[Event "Tata Steel India Blitz"]
[Site "Kolkata IND"]
[Date "2018.11.14"]
[Round "16.3"]
[White "Praggnanandhaa, R"]
[Black "Vidit, Santosh Gujrathi"]
[Result "0-1"]
[WhiteTitle "GM"]
[BlackTitle "GM"]
[WhiteElo "2530"]
[BlackElo "2702"]
[WhiteFideId "25059530"]
[BlackFideId "5029465"]
[EventDate "2018.11.13"]

1. Nf3 d5 2. g3 c5 3. Bg2 Nf6 4. O-O g6 5. d4 cxd4 6. Nxd4 Bg7 7. Nb3 Nc6 8. Nc3
e6 9. e4 Nxe4 10. Nxe4 dxe4 11. Bxe4 Qc7 12. c3 O-O 13. Be3 Ne5 14. Qe2 Bd7 15.
Bd4 Bc6 16. Bxc6 Nxc6 17. Bxg7 Kxg7 18. Rfd1 Rad8 19. Nc5 b6 20. Ne4 Ne5 21. b3
Qc6 22. c4 f6 23. Rxd8 Rxd8 24. Re1 Rd3 25. Ng5 Kg8 26. f4 Qc5+ 27. Kh1 fxg5 28.
fxe5 Qd4 29. Rf1 g4 30. Rf4 Rd1+ 31. Rf1 Rd2 32. Qe1 Rxa2 33. Rf4 Qb2 34. Qg1
Qe2 35. b4 Rd2 36. c5 Rd1 37. c6 Rxg1+ 38. Kxg1 Qb5 39. c7 Qc6 0-1

[Event "Tata Steel India Blitz"]
[Site "Kolkata IND"]
[Date "2018.11.14"]
[Round "16.4"]
[White "Ganguly, Surya Shekhar"]
[Black "So, Wesley"]
[Result "1-0"]
[WhiteTitle "GM"]
[BlackTitle "GM"]
[WhiteElo "2615"]
[BlackElo "2765"]
[WhiteFideId "5002150"]
[BlackFideId "5202213"]
[EventDate "2018.11.13"]

1. Nf3 d5 2. g3 Bg4 3. Bg2 c6 4. O-O Nd7 5. h3 Bh5 6. d4 e6 7. c4 Be7 8. Nc3
dxc4 9. a4 a5 10. e4 Ngf6 11. Qe2 Bxf3 12. Bxf3 e5 13. Be3 exd4 14. Bxd4 Bc5 15.
e5 Bxd4 16. exf6+ Kf8 17. fxg7+ Kxg7 18. Rad1 Ne5 19. Be4 Qb6 20. Qh5 Ng6 21.
Ne2 Bf6 22. Rd7 Rad8 23. Rfd1 Rxd7 24. Rxd7 Ne5 25. Rd1 Ng6 26. Rd7 Ne5 27. Rd6
Qc5 28. Nd4 Be7 29. Qh6+ Kg8 30. Nf5 Bf8 31. Rd8 1-0

[Event "Tata Steel India Blitz"]
[Site "Kolkata IND"]
[Date "2018.11.14"]
[Round "17.1"]
[White "Anand, Viswanathan"]
[Black "Harikrishna, Pentala"]
[Result "1-0"]
[WhiteTitle "GM"]
[BlackTitle "GM"]
[WhiteElo "2773"]
[BlackElo "2729"]
[WhiteFideId "5000017"]
[BlackFideId "5007003"]
[EventDate "2018.11.13"]

1. e4 e5 2. Nf3 Nc6 3. Bb5 a6 4. Ba4 Nf6 5. O-O Be7 6. Re1 b5 7. Bb3 d6 8. c3
O-O 9. h3 Nb8 10. d4 Nbd7 11. Nbd2 Bb7 12. Bc2 Re8 13. Nf1 Bf8 14. Ng3 g6 15. b3
Bg7 16. d5 Qe7 17. c4 c6 18. Be3 Nc5 19. Qd2 a5 20. a3 a4 21. Bxc5 dxc5 22. cxb5
cxd5 23. exd5 axb3 24. Bxb3 Qd6 25. Ra2 h6 26. Qd3 Rad8 27. Rd2 Nxd5 28. Red1
Qb6 29. Qc4 Qc7 30. Rxd5 Bxd5 31. Rxd5 Rxd5 32. Qxd5 Rd8 33. Qc6 Qa5 1-0

[Event "Tata Steel India Blitz"]
[Site "Kolkata IND"]
[Date "2018.11.14"]
[Round "17.2"]
[White "Karjakin, Sergey"]
[Black "Aronian, Levon"]
[Result "1/2-1/2"]
[WhiteTitle "GM"]
[BlackTitle "GM"]
[WhiteElo "2753"]
[BlackElo "2765"]
[WhiteFideId "14109603"]
[BlackFideId "13300474"]
[EventDate "2018.11.13"]

1. e4 e5 2. Nf3 Nc6 3. Bb5 a6 4. Ba4 Nf6 5. O-O Be7 6. d3 b5 7. Bb3 d6 8. a4 Bd7
9. c3 Na5 10. Bc2 c5 11. d4 Qb8 12. Bg5 h6 13. Bh4 Be6 14. axb5 axb5 15. Nbd2
O-O 16. Re1 Rc8 17. h3 cxd4 18. cxd4 Qb6 19. dxe5 dxe5 20. Bd3 Nc6 21. Qe2 Rab8
22. Rac1 Rd8 23. Red1 Nb4 24. Nxe5 Nxd3 25. Nxd3 Rbc8 26. Rxc8 Bxc8 27. e5 Nd5
28. Bxe7 Nxe7 29. Ne4 Nf5 30. Ndc5 Re8 31. f4 f6 32. Qh5 Re7 33. Qg6 Nh4 34. Qh5
Nf5 35. b4 fxe5 36. fxe5 Rxe5 37. Nd6 Qc7 38. Nxc8 Qxc8 39. g4 Qc7 40. gxf5 Re3
41. Ne4 Rxe4 42. f6 Qg3+ 43. Kh1 Re1+ 44. Rxe1 Qxe1+ 45. Kg2 Qd2+ 46. Kh1 Qc1+
47. Kg2 Qb2+ 48. Kh1 Qc1+ 49. Kh2 Qf4+ 50. Kg2 Qe4+ 51. Kh2 Qc2+ 52. Kg3 Qd3+
53. Kg2 gxf6 54. Qxh6 Qe4+ 55. Kg3 Qxb4 56. Qg6+ Kh8 1/2-1/2